| 000 | 00977nam a2200241 a 4500 | ||
|---|---|---|---|
| 001 | 80214 | ||
| 003 | BD-RjUL | ||
| 005 | 20220821155735.0 | ||
| 008 | 220821s20222019|||||||| |||| 00| 0 ben d | ||
| 020 | _a9789845063197 | ||
| 035 | _a(BD-RjUL)80214 | ||
| 040 |
_aBD-RjUL _beng _cBD-RjUL |
||
| 041 | _aben | ||
| 082 |
_223 _a954.9205 _bGRA 2022 |
||
| 245 |
_aগ্রামের একাত্তর / _cআফসান চৌধুরী |
||
| 260 |
_aঢাকা : _bদি ইউনিভার্সিটি প্রেস লিমিটেড, _c২০১৯ [মুদ্রণ ২০২২] |
||
| 300 |
_axiv, ২০৫ পৃ.; _c২২ সেমি. |
||
| 500 | _aনির্ঘন্ট সংযুক্ত | ||
| 650 |
_aবাংলাদেশ _xইতিহাস _yমুক্তিযুদ্ধ, ১৯৭১ _9964 |
||
| 650 |
_aBangladesh _xHistory _yRevolution, 1971 |
||
| 700 |
_aচৌধুরী, আফসান _94434 |
||
| 942 |
_2ddc _cBK |
||
| 999 |
_c80214 _d80214 |
||